|
|
|
|
| LEADER |
00000nam2a2200000 4500 |
| 001 |
185510 |
| 005 |
20231031173000.0 |
| 020 |
|
|
|a RU
|b 87-46782
|
| 035 |
|
|
|a (RuTPU)RU\TPU\book\201221
|
| 090 |
|
|
|a 185510
|
| 100 |
|
|
|a 20101011g1987 k y0rusy5003 ca
|
| 101 |
0 |
|
|a rus
|
| 102 |
|
|
|a RU
|
| 105 |
|
|
|a a z 001zy
|
| 200 |
0 |
|
|a Т. 6 : Эволюция магматизма в истории Земли
|f под ред. В. И. Коваленко
|
| 210 |
|
|
|d 1987
|
| 215 |
|
|
|a 438 с.
|c ил.
|
| 320 |
|
|
|a Библиогр.: с. 426-437.
|
| 461 |
|
1 |
|0 (RuTPU)RU\TPU\book\206995
|t Магматические горные породы
|o в 6 т.
|f Академия наук СССР (АН СССР), Отделение геологии, геофизики, геохимии и горных наук ; Академия наук СССР (АН СССР), Институт геологии рудных месторождений, петрографии, минералогии и геохимии (ИГЕМ) ; Академия наук СССР (АН СССР), Петрографический комитет ; под ред. О. А. Богатикова
|v Т. 6 : Эволюция магматизма в истории Земли
|d 1983
|
| 610 |
1 |
|
|a горные породы
|
| 610 |
1 |
|
|a магматические горные породы
|
| 610 |
1 |
|
|a магматизм
|
| 610 |
1 |
|
|a изверженные горные породы
|
| 610 |
1 |
|
|a геодинамика
|
| 610 |
1 |
|
|a магматическая эволюция
|
| 610 |
1 |
|
|a литосфера
|
| 610 |
1 |
|
|a происхождение
|
| 610 |
1 |
|
|a магма
|
| 610 |
1 |
|
|a рудообразование
|
| 610 |
1 |
|
|a магматические ассоциации
|
| 610 |
1 |
|
|a магматические формации
|
| 610 |
1 |
|
|a магматические серии
|
| 610 |
1 |
|
|a древние платформы
|
| 610 |
1 |
|
|a магмообразование
|
| 610 |
1 |
|
|a плутонические породы
|
| 675 |
|
|
|a 552.3
|v 3
|
| 702 |
|
1 |
|a Коваленко
|b В. И.
|4 340
|
| 801 |
|
0 |
|a RU
|b RuMRKP
|c 19950417
|g psbo
|
| 801 |
|
1 |
|a RU
|b 63413507
|c 20101011
|
| 801 |
|
2 |
|a RU
|b 63413507
|c 20141002
|g RCR
|
| 942 |
|
|
|c BK
|